000 00809nam a2200277Ia 4500
003 OSt
005 20220928130401.0
006 a|||||r|||| 00| 0
007 ta
008 220927b |||||||| |||| 00| 0 eng d
020 _c519
024 _a125017
037 _b3383, 19/11/2014, R.K. Book Universal
_cTextual
040 _aSDCL
_cSDCL
_beng
041 _2eng
_aeng
082 _aD65,4:(B252), P7
100 _aHaykin Simon
_9421952
245 0 _aIntroduction to analog & digital communications
250 _a2nd ed.
260 _aNew Delhi
_bWiley
_c2014
300 _axx;515p.
_ccm.
650 _aI I C
700 _a Moher Michael
942 _hD65,4:(B252), P7
_cTEXL
_2CC
999 _c786353
_d786353